<?xml version="1.0" encoding="UTF-8"?>
<record
    xmlns:xsi="http://www.w3.org/2001/XMLSchema-instance"
    xsi:schemaLocation="http://www.loc.gov/MARC21/slim http://www.loc.gov/standards/marcxml/schema/MARC21slim.xsd"
    xmlns="http://www.loc.gov/MARC21/slim">

  <leader>00918nam0a2200241   4500</leader>
  <controlfield tag="001">RU\NLR\BIBL_A\010359553</controlfield>
  <controlfield tag="005">20250614042648.0</controlfield>
  <datafield tag="035" ind1=" " ind2=" ">
    <subfield code="a">(NLR Aleph) 010359553</subfield>
  </datafield>
  <datafield tag="090" ind1=" " ind2=" ">
    <subfield code="a">10774769</subfield>
    <subfield code="c">10774769</subfield>
  </datafield>
  <datafield tag="100" ind1=" " ind2=" ">
    <subfield code="a">20140521d1933    |||y0rusy50      ca</subfield>
  </datafield>
  <datafield tag="101" ind1="0" ind2=" ">
    <subfield code="a">sah</subfield>
  </datafield>
  <datafield tag="102" ind1=" " ind2=" ">
    <subfield code="a">RU</subfield>
  </datafield>
  <datafield tag="105" ind1=" " ind2=" ">
    <subfield code="a">y||||||||||||</subfield>
  </datafield>
  <datafield tag="200" ind1="1" ind2=" ">
    <subfield code="a">&#x411;&#x430;&#x43B;&#x44B;&#x43A;&#x441;&#x44B;&#x43A;&#x43A;&#x430; &#x4E9;&#x439;&#x434;&#x4E9;&#x431;&#x4AF;&#x43B;</subfield>
    <subfield code="f">&#x421;&#x430;&#x445;&#x430; &#x431;&#x430;&#x43B;&#x44B;&#x433;&#x44B;&#x43D; &#x431;&#x44B;&#x440;&#x430;&#x43C;&#x44B;&#x44B;&#x441;&#x44B;&#x43B;&#x430;&#x43D;&#x43D;&#x430;&#x4BB;&#x44B;&#x43D; &#x441;&#x443;&#x434;&#x430;&#x430;&#x440;&#x44B;&#x441;&#x442;&#x44B;&#x431;&#x430;&#x43D;&#x43D;&#x430;&#x439; &#x442;&#x438;&#x440;&#x438;&#x435;&#x4BB;&#x44D;</subfield>
    <subfield code="g">&#x411;. &#x411;. &#x41B;&#x435;&#x431;&#x438;&#x435;&#x43A;&#x43A;&#x438;&#x43D; &#x442;&#x44B;&#x43B;&#x431;.</subfield>
  </datafield>
  <datafield tag="210" ind1=" " ind2=" ">
    <subfield code="a">&#x414;&#x44C;&#x43E;&#x43A;&#x443;&#x443;&#x441;&#x43A;&#x430;&#x439;</subfield>
    <subfield code="c">&#x421;&#x430;&#x445;&#x430; &#x431;&#x430;&#x43B;&#x44B;&#x433;&#x44B;&#x43D; &#x431;&#x44B;&#x440;&#x430;&#x43C;&#x44B;&#x44B;&#x441;&#x44B;&#x43B;&#x430;&#x43D;&#x43D;&#x430;&#x4BB;&#x44B;&#x43D; &#x441;&#x443;&#x434;&#x430;&#x430;&#x440;&#x44B;&#x441;&#x442;&#x44B;&#x431;&#x430;&#x43D;&#x43D;&#x430;&#x439; &#x442;&#x438;&#x440;&#x438;&#x435;&#x4BB;&#x44D;</subfield>
    <subfield code="d">1933</subfield>
  </datafield>
  <datafield tag="215" ind1=" " ind2=" ">
    <subfield code="a">13 &#x441;.</subfield>
    <subfield code="d">20</subfield>
  </datafield>
  <datafield tag="300" ind1=" " ind2=" ">
    <subfield code="a">&#x41B;&#x430;&#x442;&#x438;&#x43D;. &#x433;&#x440;&#x430;&#x444;&#x438;&#x43A;&#x430;</subfield>
  </datafield>
  <datafield tag="541" ind1="1" ind2=" ">
    <subfield code="a">&#x41F;&#x430;&#x43C;&#x44F;&#x442;&#x43A;&#x430; &#x434;&#x43B;&#x44F; &#x440;&#x44B;&#x431;&#x430;&#x43A;&#x43E;&#x432;</subfield>
    <subfield code="z">rus</subfield>
  </datafield>
  <datafield tag="686" ind1="1" ind2=" ">
    <subfield code="a">&#x423;9(2)352</subfield>
  </datafield>
  <datafield tag="852" ind1=" " ind2=" ">
    <subfield code="a">NLR</subfield>
    <subfield code="b">&#x41E;&#x41D;&#x41B;</subfield>
    <subfield code="j">&#x42F;&#x43A;&#x443;&#x442;./2-886</subfield>
  </datafield>
  <datafield tag="942" ind1=" " ind2=" ">
    <subfield code="c">BOOK</subfield>
  </datafield>
  <datafield tag="980" ind1=" " ind2=" ">
    <subfield code="a">NB</subfield>
  </datafield>
  <datafield tag="995" ind1=" " ind2=" ">
    <subfield code="5">2014-05-21</subfield>
    <subfield code="b">NLR01</subfield>
    <subfield code="c">NLR01</subfield>
    <subfield code="e">ONL</subfield>
    <subfield code="f">1-381308</subfield>
    <subfield code="k">&#x41E;&#x41D;&#x41B; &#x42F;&#x43A;&#x443;&#x442;./2-886</subfield>
    <subfield code="o">0</subfield>
    <subfield code="r">BOOK</subfield>
    <subfield code="s">_2886</subfield>
  </datafield>
</record>
